Ranní lidové noviny. Roč.24, č.31-59, 1916
| Format: | Book |
|---|---|
| Language: | Undetermined |
| Published: |
V Brně
[S. l.]
1916
|
MARC
| LEADER | 00000nam a2200000 a 4500 | ||
|---|---|---|---|
| 001 | vtls001393177 | ||
| 003 | SK-MaSNL | ||
| 005 | 20260224112218.0 | ||
| 008 | 180810s1916 xx 0 und | ||
| 035 | |a SNK000347486 | ||
| 040 | |a SNK |b slo |c SNK |e AACR2 | ||
| 041 | 0 | |a und | |
| 044 | |a xx | ||
| 245 | 1 | |a Ranní lidové noviny. Roč.24, č.31-59, 1916 | |
| 260 | |a V Brně |b [S. l.] |c 1916 | ||
| 958 | |a ONDV | ||
| 999 | |c 982017 |d 983947 | ||
| 952 | |t P60, <06>, [BOOK], {606} |a SNK |b SNK |y PREZ |7 0 |p 17A0245148 |o snkČA 26/24/1916/2 |0 0 |1 1 |4 0 |d 2000-07-21 |l 0 |r 2005-01-02 00:00:00 |w 2026-02-24 | ||


